<?xml version="1.0" encoding="UTF-8"?>
<record
    xmlns:xsi="http://www.w3.org/2001/XMLSchema-instance"
    xsi:schemaLocation="http://www.loc.gov/MARC21/slim http://www.loc.gov/standards/marcxml/schema/MARC21slim.xsd"
    xmlns="http://www.loc.gov/MARC21/slim">

  <leader>00874cam a22002535i 4500</leader>
  <controlfield tag="001">85115</controlfield>
  <controlfield tag="003">BD-RjUL</controlfield>
  <controlfield tag="005">20250710151957.0</controlfield>
  <controlfield tag="008">250703s19641957pk       b    000 0 urd  </controlfield>
  <datafield tag="035" ind1=" " ind2=" ">
    <subfield code="a">(BD-RjUL)85115</subfield>
  </datafield>
  <datafield tag="040" ind1=" " ind2=" ">
    <subfield code="a">DLC</subfield>
    <subfield code="b">eng</subfield>
    <subfield code="e">rda</subfield>
    <subfield code="c">DLC</subfield>
  </datafield>
  <datafield tag="041" ind1="0" ind2=" ">
    <subfield code="a">urd</subfield>
    <subfield code="a">per</subfield>
  </datafield>
  <datafield tag="082" ind1=" " ind2=" ">
    <subfield code="2">23</subfield>
    <subfield code="a">891.43914</subfield>
    <subfield code="b">ABF 1964</subfield>
  </datafield>
  <datafield tag="100" ind1="1" ind2=" ">
    <subfield code="a">Abdullah, Caliphah  ;;;  &#x639;&#x628;&#x62F;&#x627;&#x644;&#x644;&#x647;&#x60C;  &#x62E;&#x644;&#x64A;&#x641;&#x647;</subfield>
    <subfield code="9">15876</subfield>
  </datafield>
  <datafield tag="245" ind1="1" ind2="0">
    <subfield code="a">&#x641;&#x6A9;&#x631; &#x627;&#x642;&#x628;&#x627;&#x644; ;;  fikr-i Iqb&#x101;l /</subfield>
    <subfield code="c">&#x62E;&#x644;&#x64A;&#x641;&#x647; &#x639;&#x628;&#x62F;&#x627;&#x644;&#x644;&#x647; ;;  Caliphah  Abdullah</subfield>
  </datafield>
  <datafield tag="250" ind1=" " ind2=" ">
    <subfield code="a">3rd. ed,</subfield>
  </datafield>
  <datafield tag="260" ind1=" " ind2=" ">
    <subfield code="a">Lahore :</subfield>
    <subfield code="b">Bajam i Iqbal ,</subfield>
    <subfield code="c">1964</subfield>
  </datafield>
  <datafield tag="300" ind1=" " ind2=" ">
    <subfield code="a">768 pages ;</subfield>
    <subfield code="c">23 cm</subfield>
  </datafield>
  <datafield tag="504" ind1=" " ind2=" ">
    <subfield code="a">Includes bibliographical references.</subfield>
  </datafield>
  <datafield tag="600" ind1="1" ind2="0">
    <subfield code="a">Iqbal, Muhammad,</subfield>
    <subfield code="c">Sir,</subfield>
    <subfield code="d">1877-1938</subfield>
    <subfield code="x">Criticism and interpretation.</subfield>
    <subfield code="9">8392</subfield>
  </datafield>
  <datafield tag="650" ind1=" " ind2=" ">
    <subfield code="a">Urdu poetry </subfield>
    <subfield code="v"> Philosophical themes</subfield>
    <subfield code="9">15877</subfield>
  </datafield>
  <datafield tag="942" ind1=" " ind2=" ">
    <subfield code="2">ddc</subfield>
    <subfield code="c">BK</subfield>
  </datafield>
  <datafield tag="999" ind1=" " ind2=" ">
    <subfield code="c">85115</subfield>
    <subfield code="d">85115</subfield>
  </datafield>
  <datafield tag="952" ind1=" " ind2=" ">
    <subfield code="0">0</subfield>
    <subfield code="1">0</subfield>
    <subfield code="2">ddc</subfield>
    <subfield code="4">0</subfield>
    <subfield code="7">1</subfield>
    <subfield code="8">NFIC</subfield>
    <subfield code="a">RUCL</subfield>
    <subfield code="b">RUCL</subfield>
    <subfield code="c">Reading</subfield>
    <subfield code="d">1967-09-08</subfield>
    <subfield code="e">Sh. Mubarak ali</subfield>
    <subfield code="g">15.00</subfield>
    <subfield code="l">0</subfield>
    <subfield code="o">U 891.43914 ABF 1964</subfield>
    <subfield code="r">2025-07-03 00:00:00</subfield>
    <subfield code="t">C-1</subfield>
    <subfield code="w">2025-07-03</subfield>
    <subfield code="y">BK</subfield>
  </datafield>
</record>
